| 000 | 00585nam a2200169 a 4500 | ||
|---|---|---|---|
| 005 | 20140412111302.0 | ||
| 008 | 010420s19uu xx 00 eng d | ||
| 020 | _a97150-8026-X | ||
| 050 |
_aFil 959.9 _bA45 1996 |
||
| 100 | _aAlmario, Virgilio S. | ||
| 245 |
_aMabuhay ang Filipinas! : _blong live the Philippines / _cby Virgilio S. Almario ; illustrated by Joanne de Leon. |
||
| 250 | _aAklat Adarna International Edtion | ||
| 260 |
_aManila, Philippines : _bAdarna Book Services, Inc, _c1996. |
||
| 300 | _a[28] p. ; ill. | ||
| 650 | _aFolk Tales - Philippines | ||
| 999 |
_c103451 _d103451 |
||